000 02384nam0a2200337 4500
001 RU\NLR\bibl\502059
005 20250623202053.0
021 _aRU
_b2003-70160
_93470
035 _a(NLR Aleph) 000494646
090 _a1135472
_c1135472
100 _a20040318d2003 |||y0rusy50 ca
101 0 _arus
102 _aRU
105 _aa |||||||||
200 1 _aСертификация строительных и дорожных машин
_eУчеб. пособие для студентов вузов, обучающихся по специальности "Средства аэродромно-техн. обеспечения полетов авиации" и "Подъем.-транспорт., строит., дорож. машины и оборудование" направления подготовки дипломир. специалистов "Транспорт. машины и транспорт.-технол. комплексы"
_fГ.Н. Карасев
_gМоск. автомобил.-дорож. ин-т (Гос. техн. ун-т)
210 _aМ.
_cМоск. автомобил.-дорож. ин-т (Гос. техн. ун-т)
_d2003
215 _a161 с.
_cил.
_d21
320 _aБиблиогр.: с. 159-160 (25 назв.)
606 0 _aДорожные машины
_jРуководства, пособия и т.п. для высшей школы
_xСертификация
_92307712
_3RU\NLR\auth\661381281
606 0 _aДорожные машины
_jУчебные издания для высших учебных заведений
_xСертификация
_92307712
_3RU\NLR\auth\661381281
606 0 _aСтроительные машины
_jРуководства, пособия и т.п. для высшей школы
_xСертификация
_92318768
_3RU\NLR\auth\661387320
606 0 _aСтроительные машины
_jУчебные издания для высших учебных заведений
_xСертификация
_92318768
_3RU\NLR\auth\661387320
686 _aО311-06-5-080.06я73-1
686 _aН6-5-080.06я73-1
700 1 _4070
_7ca
_8rus
_aКарасев
_bГ. Н.
_cканд. техн. наук
_gГеннадий Николаевич
_9218062
_3RU\NLR\AUTH\770218118
801 0 _aRU
_bNLR
_c20040318
_gPSBO
801 1 _aRU
_bNLR
_c20040318
942 _cBOOK
980 _aNB